000 00785nam a2200205Ii 4500
003 JO-AjNU
008 230605s9999||||xx |||||||||||||| ||und||
040 _aJO-AjNU
_bara
_erda
_cJO-AjNU
041 _aara
050 1 4 _aBF1138.A7.D3412.1988
100 3 _aداكو،بيير ، اسكندر،رعد ، بيثون،اركان/ترجمة,
_eauthor
_98450
245 0 0 _aاستكشاف اغوار الذهن والتنويم المغناطيسي
264 3 1 _aبغداد:دار التربية ،1988
300 _a284ص
336 _atext
_btxt
_2rdacontent
337 _aunmediated
_bn
_2rdamedia
338 _avolume
_bnc
_2rdacarrier
490 0 _aسلسلة الانتصارات المذهلة لعلم النفس الحديث 2
650 4 _aالتنويم المغناطيسي
_98451
999 _aA795
_c4363
_d4363